[Event "CAN-ch U1600"]
[Site "Kingston CAN"]
[Date "2022.04.13"]
[Round "1.64"]
[White "Samuel, Victor"]
[Black "Adam, Sebastien"]
[Result "1/2-1/2"]
[WhiteElo "1557"]
[BlackElo "1262"]
[PlyCount "80"]
[EventDate "2022.04.13"]
[EventType "swiss"]
[EventRounds "9"]
[EventCountry "CAN"]

1. Nf3 c6 2. d4 d5 3. g3 Bf5 4. Bg2 e6 5. O-O c5 6. c4 Nc6 7. Nc3 Nge7 8. Qa4
Qa5 9. Qxa5 Nxa5 10. Nb5 Kd8 11. Nd6 Bg6 12. Ne5 Rg8 13. Ndxf7+ Bxf7 14. Nxf7+
Kd7 15. dxc5 Nxc4 16. b3 Na5 17. Ne5+ Ke8 18. Bh3 Nf5 19. b4 Nc6 20. Bb2 Nxb4
21. Rfd1 Bxc5 22. Bxf5 exf5 23. a3 Na6 24. Rxd5 Rd8 25. Rad1 Bb6 26. Rxd8+ Bxd8
27. Nc4 Bc7 28. Nd6+ Bxd6 29. Rxd6 Ke7 30. Rd3 g6 31. f4 Nc5 32. Rd5 b6 33. Be5
Ne4 34. Rd3 Rd8 35. Bd4 Rc8 36. Kg2 Rc2 37. Kf3 Nd2+ 38. Kf2 Ne4+ 39. Kf3 Nd2+
40. Kf2 Ne4+ 1/2-1/2

[Event "CAN-ch U1600"]
[Site "Kingston CAN"]
[Date "2022.04.13"]
[Round "1.65"]
[White "Hay, John"]
[Black "Chen, Rae"]
[Result "0-1"]
[WhiteElo "1174"]
[BlackElo "1483"]
[PlyCount "70"]
[EventDate "2022.04.13"]
[EventType "swiss"]
[EventRounds "9"]
[EventCountry "CAN"]

1. e4 c5 2. c3 d6 3. d4 cxd4 4. cxd4 Nf6 5. Bd3 g6 6. Be3 Bg7 7. Nc3 O-O 8. Rb1
Ng4 9. Bd2 Bxd4 10. Nh3 Ne5 11. Qe2 Bxh3 12. gxh3 Qb6 13. Na4 Bxf2+ 14. Kf1 Qd4
15. Bc3 Qxd3 16. Kxf2 Nbc6 17. Bxe5 Nxe5 18. Qxd3 Nxd3+ 19. Ke3 Ne5 20. Nc3 f5
21. Rhf1 Nc4+ 22. Ke2 fxe4 23. Rxf8+ Rxf8 24. Nxe4 Rf4 25. Nf2 d5 26. b3 Nd6
27. Ke3 e5 28. Rc1 d4+ 29. Ke2 e4 30. Rc7 d3+ 31. Nxd3 exd3+ 32. Kxd3 Rf3+ 33.
Kc2 Rxh3 34. Kb2 Rxh2+ 35. Ka3 Nb5+ 0-1

[Event "CAN-ch U1600"]
[Site "Kingston CAN"]
[Date "2022.04.13"]
[Round "1.66"]
[White "Byl, Oliver"]
[Black "Narula, Japveer"]
[Result "1/2-1/2"]
[WhiteElo "1425"]
[BlackElo "1138"]
[PlyCount "95"]
[EventDate "2022.04.13"]
[EventType "swiss"]
[EventRounds "9"]
[EventCountry "CAN"]

1. Nf3 Nc6 2. b3 d5 3. d4 Nf6 4. Bb2 Bf5 5. e3 g6 6. Nbd2 Nb4 7. Bd3 Bxd3 8.
cxd3 Nxd3+ 9. Kf1 Nxb2 10. Qc2 Bg7 11. Qxb2 O-O 12. Qc2 c6 13. Ne5 e6 14. g3
Qc7 15. Ndf3 Ne4 16. Nd3 Rac8 17. Rc1 b6 18. b4 b5 19. Nc5 Nxc5 20. Qxc5 Rfd8
21. Kg2 Bf8 22. Qc3 Qd6 23. a3 a5 24. Rb1 a4 25. Rhc1 Rd7 26. Ne5 Rdc7 27. Nd3
Qd7 28. Qb2 f6 29. Nc5 Bxc5 30. Rxc5 Qd6 31. Rbc1 e5 32. R1c2 e4 33. Qc1 f5 34.
h4 h6 35. Qh1 Kg7 36. Qh3 Kf6 37. Rc1 h5 38. Qh1 Qe6 39. Qd1 Ke7 40. Qh1 Kd7
41. Qh3 Qd6 42. Rh1 Rg8 43. Kf1 Ke7 44. Ke2 Kf6 45. Kd2 Ke7 46. Ke2 Kf6 47. Kd2
Ke7 48. Ke2 1/2-1/2

[Event "CAN-ch U1600"]
[Site "Kingston CAN"]
[Date "2022.04.13"]
[Round "1.67"]
[White "Jutras, Arnaud"]
[Black "Wen, Justin"]
[Result "1-0"]
[WhiteElo "1054"]
[BlackElo "1390"]
[PlyCount "95"]
[EventDate "2022.04.13"]
[EventType "swiss"]
[EventRounds "9"]
[EventCountry "CAN"]

1. c4 g6 2. g3 Bg7 3. Bg2 Nf6 4. Nf3 O-O 5. O-O d6 6. d4 Nbd7 7. Nc3 a6 8. b3
Rb8 9. Bb2 Ne8 10. Rc1 f5 11. e4 Bh6 12. Rc2 f4 13. e5 Ng7 14. exd6 exd6 15.
Re1 Nf6 16. Rce2 Ngh5 17. Ne4 Ng4 18. h3 fxg3 19. hxg4 gxf2+ 20. Nxf2 Nf4 21.
Re4 b6 22. d5 Bb7 23. Qd4 Kf7 24. Rxf4+ Bxf4 25. Qxf4+ Kg8 26. Qd4 Qf6 27. Qxf6
Rxf6 28. Bxf6 c6 29. dxc6 Bxc6 30. Nd4 Bxg2 31. Kxg2 Rf8 32. g5 h6 33. Re7 b5
34. Rg7+ Kh8 35. Rf7+ Kg8 36. Rxf8+ Kxf8 37. cxb5 axb5 38. Nxb5 d5 39. a4 hxg5
40. a5 g4 41. a6 Kf7 42. Bd4 g3 43. Kxg3 g5 44. a7 g4 45. a8=Q Kg6 46. Qc6+ Kh7
47. Qf6 Kg8 48. Qg7# 1-0

[Event "CAN-ch U1600"]
[Site "Kingston CAN"]
[Date "2022.04.13"]
[Round "1.68"]
[White "Gillis, Doug"]
[Black "Tseng, Elliot"]
[Result "1/2-1/2"]
[WhiteElo "1356"]
[BlackElo "1002"]
[PlyCount "85"]
[EventDate "2022.04.13"]
[EventType "swiss"]
[EventRounds "9"]
[EventCountry "CAN"]

1. b3 e5 2. Bb2 Nc6 3. e3 d5 4. Bb5 Bd6 5. Nf3 Qe7 6. h3 Nf6 7. O-O a6 8. Bxc6+
bxc6 9. d4 e4 10. Ne5 Bb7 11. Nd2 Nd7 12. Nxd7 Qxd7 13. c4 f5 14. Qh5+ g6 15.
Qh6 O-O-O 16. a4 Rdg8 17. Ba3 Bxa3 18. Rxa3 g5 19. Qf6 h6 20. Rc1 Rf8 21. Qe5
f4 22. cxd5 cxd5 23. b4 Rh7 24. Rac3 Qd8 25. Qe6+ Kb8 26. Nb3 Bc8 27. Qc6 Rf6
28. Qc5 Qd6 29. Na5 Qxc5 30. Rxc5 Bb7 31. Nxb7 Kxb7 32. Rxd5 Rhf7 33. Re5 fxe3
34. fxe3 Rf2 35. Rxe4 Rb2 36. b5 axb5 37. axb5 Rff2 38. Re7 Rxg2+ 39. Kh1 Rh2+
40. Kg1 Rxh3 41. Rexc7+ Kb6 42. Rf7 g4 43. d5 1/2-1/2

[Event "CAN-ch U1600"]
[Site "Kingston CAN"]
[Date "2022.04.13"]
[Round "1.69"]
[White "Brown, Dante"]
[Black "Parakin, Don"]
[Result "0-1"]
[WhiteElo "999"]
[BlackElo "1342"]
[PlyCount "56"]
[EventDate "2022.04.13"]
[EventType "swiss"]
[EventRounds "9"]
[EventCountry "CAN"]

1. d4 d5 2. Bf4 Nf6 3. Nf3 e6 4. e3 c5 5. c3 Be7 6. Bd3 O-O 7. O-O Nc6 8. Nbd2
c4 9. Bc2 Nh5 10. Bxh7+ Kxh7 11. Ng5+ Bxg5 12. Qxh5+ Bh6 13. Bxh6 gxh6 14. Nf3
Qf6 15. h4 Qg6 16. Qxg6+ Kxg6 17. Rfe1 b5 18. e4 dxe4 19. Rxe4 Bb7 20. Re2 a5
21. a4 b4 22. Rb1 Rfd8 23. Nd2 Ba6 24. Nf3 Rab8 25. Ne5+ Nxe5 26. h5+ Kg7 27.
Rxe5 Rd5 28. Rxd5 exd5 0-1

[Event "CAN-ch U1600"]
[Site "Kingston CAN"]
[Date "2022.04.13"]
[Round "1.70"]
[White "Paulsen, Lorenz"]
[Black "Lan, Jerry"]
[Result "1-0"]
[WhiteElo "1336"]
[BlackElo "998"]
[PlyCount "55"]
[EventDate "2022.04.13"]
[EventType "swiss"]
[EventRounds "9"]
[EventCountry "CAN"]

1. e4 c5 2. Nf3 g6 3. d4 Bg7 4. dxc5 Qa5+ 5. c3 Qxc5 6. Be3 Qa5 7. Qb3 Nf6 8.
Nbd2 O-O 9. Bc4 e6 10. O-O Nc6 11. Rac1 b6 12. Bd3 Ba6 13. Qc2 Ne5 14. Nxe5
Qxe5 15. Bxa6 Ng4 16. Nf3 Qc7 17. Rcd1 Rad8 18. Qd2 d5 19. exd5 Rxd5 20. Qe2
Rh5 21. h3 Ne5 22. Bd4 Nxf3+ 23. Qxf3 e5 24. Be3 Re8 25. Qg3 Qc6 26. Be2 Rf5
27. Bg4 Rf6 28. Bd7 1-0

[Event "CAN-ch U1600"]
[Site "Kingston CAN"]
[Date "2022.04.14"]
[Round "2.61"]
[White "Gillanders, Robert"]
[Black "Parakin, Don"]
[Result "1-0"]
[WhiteElo "1599"]
[BlackElo "1342"]
[PlyCount "101"]
[EventDate "2022.04.13"]
[EventType "swiss"]
[EventRounds "9"]
[EventCountry "CAN"]

1. d4 d5 2. c4 Nf6 3. Nf3 Bg4 4. Ne5 Bh5 5. Qa4+ c6 6. Nc3 e6 7. cxd5 Nxd5 8.
e3 Nb6 9. Qc2 N8d7 10. Bd3 Nxe5 11. dxe5 Qg5 12. f4 Qh6 13. O-O Bg6 14. e4 Bc5+
15. Kh1 Qh4 16. Bd2 h6 17. Be1 Qe7 18. f5 Bh7 19. Bg3 O-O-O 20. a3 Nd7 21. Rab1
Kb8 22. f6 Qf8 23. Ne2 g5 24. b4 Bb6 25. a4 Rc8 26. Qb2 Qd8 27. Rfd1 Qe8 28.
Bc2 Bg6 29. Nc3 Bh5 30. Rd6 Bc7 31. b5 c5 32. b6 Nxb6 33. a5 Bxd6 34. exd6 Qd7
35. axb6 a6 36. e5 Ka8 37. Be4 Rhg8 38. Qa3 Kb8 39. Nb5 Bg6 40. Bxg6 Rxg6 41.
Nc7 h5 42. Qxc5 Qa4 43. Rc1 Rgg8 44. Bf2 h4 45. Qd4 Qd7 46. Ra1 Rh8 47. Qe4 Qc6
48. Qxc6 bxc6 49. Rxa6 Kb7 50. Ra7+ Kb8 51. Na6# 1-0

[Event "CAN-ch U1600"]
[Site "Kingston CAN"]
[Date "2022.04.14"]
[Round "2.62"]
[White "Dickson, Raymond"]
[Black "Paulsen, Lorenz"]
[Result "1-0"]
[WhiteElo "1561"]
[BlackElo "1336"]
[PlyCount "71"]
[EventDate "2022.04.13"]
[EventType "swiss"]
[EventRounds "9"]
[EventCountry "CAN"]

1. d4 Nf6 2. e3 e6 3. Bd3 c5 4. Nd2 cxd4 5. exd4 Nc6 6. c3 d5 7. f4 Be7 8. Ngf3
O-O 9. O-O Qc7 10. Ne5 Nxe5 11. fxe5 Ne8 12. Rf3 f6 13. Rh3 g6 14. Nf3 fxe5 15.
Nxe5 Bf6 16. Bh6 Bg7 17. Bxg7 Qxg7 18. Qe2 Nd6 19. Rf3 Bd7 20. Raf1 Rxf3 21.
Qxf3 Rf8 22. Qxf8+ Qxf8 23. Rxf8+ Kxf8 24. Nxd7+ Ke7 25. Ne5 Nf7 26. Nxf7 Kxf7
27. Kf2 Kf6 28. Kf3 e5 29. dxe5+ Kxe5 30. h4 d4 31. c4 b6 32. b4 a5 33. bxa5
bxa5 34. a4 Kd6 35. Ke4 Kc5 36. g4 1-0

[Event "CAN-ch U1600"]
[Site "Kingston CAN"]
[Date "2022.04.14"]
[Round "2.63"]
[White "Chen, Rae"]
[Black "Jutras, Arnaud"]
[Result "1-0"]
[WhiteElo "1483"]
[BlackElo "1054"]
[PlyCount "119"]
[EventDate "2022.04.13"]
[EventType "swiss"]
[EventRounds "9"]
[EventCountry "CAN"]

1. d4 d5 2. Nf3 Nf6 3. e3 Bf5 4. c4 c6 5. Nc3 e6 6. Qb3 Qb6 7. Nh4 Qxb3 8. axb3
Bc2 9. cxd5 Nxd5 10. Bc4 b5 11. Nxd5 exd5 12. Kd2 Be4 13. Be2 a6 14. f3 Bg6 15.
Nxg6 hxg6 16. e4 dxe4 17. fxe4 f5 18. d5 Bb4+ 19. Kc2 O-O 20. Bg5 fxe4 21. Rhf1
Rxf1 22. Rxf1 cxd5 23. Bg4 Nc6 24. Be6+ Kh7 25. Kb1 Nd4 26. Bxd5 Re8 27. Rf4
Nf5 28. Bxe4 Bd2 29. Rg4 Rxe4 30. Rxe4 Bxg5 31. Re6 a5 32. Re5 Bf4 33. Rxb5 Bd2
34. g4 Nh6 35. Kc2 Bb4 36. h3 Nf7 37. Kd3 Nd6 38. Rb6 Nf7 39. Rb5 Nd8 40. Re5
Nb7 41. Kd4 Kg8 42. Re8+ Kf7 43. Rb8 Nd6 44. Kd5 Ne8 45. g5 Nc7+ 46. Ke5 Ke7
47. Rb6 Ne8 48. Rxg6 Kf7 49. Rc6 Bd2 50. h4 Be1 51. h5 Bg3+ 52. Kd5 Nc7+ 53.
Kc4 Ne6 54. g6+ Ke7 55. Ra6 Be1 56. Ra7+ Kf6 57. Rf7+ Kg5 58. Kd5 Nf4+ 59. Rxf4
Kxf4 60. h6 1-0

[Event "CAN-ch U1600"]
[Site "Kingston CAN"]
[Date "2022.04.14"]
[Round "2.64"]
[White "Mullur, Neerav"]
[Black "Samuel, Victor"]
[Result "1-0"]
[WhiteElo "1312"]
[BlackElo "1557"]
[PlyCount "63"]
[EventDate "2022.04.13"]
[EventType "swiss"]
[EventRounds "9"]
[EventCountry "CAN"]

1. e4 g6 2. d4 Bg7 3. c3 d6 4. Nf3 Nd7 5. Be3 b6 6. Bc4 Bb7 7. Ng5 e6 8. Bxe6
fxe6 9. Nxe6 Qe7 10. Nxc7+ Kd8 11. Nxa8 Qxe4 12. Rg1 Bxa8 13. Nd2 Qe6 14. Qa4
a5 15. O-O-O Kc7 16. Rge1 Bc6 17. Qa3 Qf5 18. Nc4 Bf8 19. d5 Bxd5 20. Nxb6 Nxb6
21. Qxa5 Kd7 22. Qa7+ Kc8 23. Bxb6 Bh6+ 24. Rd2 Bxd2+ 25. Kxd2 Bb7 26. Re8+ Kd7
27. Qb8 Qf4+ 28. Kc2 Qf5+ 29. Kc1 Kc6 30. Qc7+ Kb5 31. a4+ Kxa4 32. Qc4# 1-0

[Event "CAN-ch U1600"]
[Site "Kingston CAN"]
[Date "2022.04.14"]
[Round "2.65"]
[White "Adam, Sebastien"]
[Black "Mendes, Aaron Reeve"]
[Result "0-1"]
[WhiteElo "1262"]
[BlackElo "1453"]
[PlyCount "122"]
[EventDate "2022.04.13"]
[EventType "swiss"]
[EventRounds "9"]
[EventCountry "CAN"]

1. e4 c5 2. Nf3 d6 3. d4 cxd4 4. Nxd4 Nf6 5. Nc3 a6 6. Be3 e5 7. Nf3 h6 8. Be2
Be6 9. Qd2 Be7 10. Rd1 Nbd7 11. O-O Rc8 12. h3 b5 13. a3 Nb6 14. Rfe1 O-O 15.
Bxh6 gxh6 16. Qxh6 Rc5 17. Ng5 Re8 18. Rd3 Bf8 19. Qh4 Nbd7 20. Rg3 Bg7 21. Rd1
Nf8 22. Nxe6 Nxe6 23. Rdd3 Nf4 24. Qh6 Ng6 25. Qg5 Nh7 26. Qd2 Kh8 27. Rxd6 Qc8
28. Rd7 Rc7 29. Rgd3 Rxd7 30. Rxd7 Bh6 31. Qd6 Bf8 32. Qc7 Qxc7 33. Rxc7 Re7
34. Rc6 Re6 35. Rxe6 fxe6 36. Bg4 Ng5 37. g3 b4 38. axb4 Bxb4 39. h4 Bxc3 40.
hxg5 Bxb2 41. Bxe6 Nf8 42. Bb3 Bc1 43. Kg2 Nd7 44. g6 Nc5 45. f3 a5 46. Kh3 Kg7
47. Bf7 a4 48. Kg4 Kf6 49. f4 Ne6 50. fxe5+ Kxe5 51. g7 Nxg7 52. Bd5 Ne6 53. c3
Nc5 54. Kf3 a3 55. Ke2 Nxe4 56. Kd1 Kxd5 57. Kxc1 Kc4 58. g4 Kb3 59. Kb1 a2+
60. Ka1 Ka3 61. g5 Nc5 0-1

[Event "CAN-ch U1600"]
[Site "Kingston CAN"]
[Date "2022.04.14"]
[Round "2.66"]
[White "Harrson, Samuel"]
[Black "Byl, Oliver"]
[Result "0-1"]
[WhiteElo "1133"]
[BlackElo "1425"]
[PlyCount "34"]
[EventDate "2022.04.13"]
[EventType "swiss"]
[EventRounds "9"]
[EventCountry "CAN"]

1. c4 c6 2. Nc3 d5 3. b3 Bf5 4. g3 e6 5. Bg2 Nf6 6. d3 Bb4 7. Qc2 d4 8. Bb2
dxc3 9. Bxc3 Qd4 10. Rc1 Bxc3+ 11. Qxc3 Qxc3+ 12. Rxc3 O-O 13. e4 Bg6 14. Ne2
Rd8 15. O-O Na6 16. Nf4 e5 17. Nxg6 hxg6 0-1

[Event "CAN-ch U1600"]
[Site "Kingston CAN"]
[Date "2022.04.14"]
[Round "2.67"]
[White "Tseng, Elliot"]
[Black "Li, Aiden"]
[Result "1-0"]
[WhiteElo "1002"]
[BlackElo "1367"]
[PlyCount "111"]
[EventDate "2022.04.13"]
[EventType "swiss"]
[EventRounds "9"]
[EventCountry "CAN"]

1. e4 c5 2. Nf3 g6 3. c4 Bg7 4. d4 cxd4 5. Nxd4 Nc6 6. Be3 Nf6 7. Nc3 O-O 8.
Be2 a6 9. Qd2 Qc7 10. O-O d6 11. f3 Ne5 12. b3 Rd8 13. Rac1 e6 14. Rc2 Qe7 15.
Bg5 Ned7 16. f4 h6 17. Bh4 e5 18. Nd5 Qf8 19. fxe5 dxe5 20. Nf3 g5 21. Nxg5
hxg5 22. Qxg5 Nxd5 23. exd5 f6 24. Qg3 Qc5+ 25. Kh1 Rf8 26. Bh5 Qb6 27. Bg6 Nc5
28. Qf3 f5 29. Qh5 Rf6 30. Bxf6 Qxf6 31. Qh7+ Kf8 32. Bxf5 Ke7 33. Rcf2 Bxf5
34. Rxf5 Rh8 35. d6+ Kd7 36. Qxh8 Bxh8 37. Rxf6 Bxf6 38. Rxf6 Ne4 39. Rf7+ Kc8
40. d7+ Kd8 41. h4 b6 42. h5 Ng3+ 43. Kh2 Nxh5 44. g3 e4 45. g4 e3 46. Kg2 e2
47. Kf2 Ng3 48. Rf3 Ne4+ 49. Kxe2 Kxd7 50. Ke3 Nc3 51. g5 b5 52. cxb5 axb5 53.
g6 Nd5+ 54. Kd4 Ne7 55. Rf7 Ke6 56. Rxe7+ 1-0

[Event "CAN-ch U1600"]
[Site "Kingston CAN"]
[Date "2022.04.14"]
[Round "2.68"]
[White "Narula, Japveer"]
[Black "Gillis, Doug"]
[Result "0-1"]
[WhiteElo "1138"]
[BlackElo "1356"]
[PlyCount "110"]
[EventDate "2022.04.13"]
[EventType "swiss"]
[EventRounds "9"]
[EventCountry "CAN"]

1. e4 d6 2. d4 Nf6 3. Nc3 c6 4. Nf3 Bg4 5. h3 Bh5 6. Bf4 Qb6 7. Na4 Qa5+ 8. c3
b5 9. b4 Qxa4 10. Qd3 Bxf3 11. Qxf3 Nbd7 12. e5 Nd5 13. Bd3 Nxf4 14. Qxf4 dxe5
15. dxe5 Qa3 16. Qd4 Rd8 17. Be4 Qa6 18. O-O e6 19. f4 c5 20. Qf2 cxb4 21. Kh1
Bc5 22. Qf3 O-O 23. f5 Nxe5 24. Qg3 Bd6 25. Qh4 exf5 26. Bxf5 g6 27. Bc2 Qb7
28. cxb4 Be7 29. Qh6 Nc4 30. Rf3 Bxb4 31. a3 Bxa3 32. Raxa3 Nxa3 33. Rxa3 Qd7
34. Rd3 Qc7 35. Rxd8 Rxd8 36. Bb3 Qc3 37. Ba2 Qa1+ 38. Kh2 Qxa2 39. Qg5 Qd5 40.
Qc1 Qd6+ 41. g3 Qd2+ 42. Qxd2 Rxd2+ 43. Kg1 b4 44. Kf1 b3 45. Ke1 Rd6 46. g4 b2
47. h4 b1=Q+ 48. Ke2 a5 49. h5 a4 50. h6 a3 51. g5 a2 52. Ke3 a1=Q 53. Kf4 Qf1+
54. Kg3 Qae1+ 55. Kg4 Rd4# 0-1

[Event "CAN-ch U1600"]
[Site "Kingston CAN"]
[Date "2022.04.14"]
[Round "2.69"]
[White "Sztuka, Jeremy"]
[Black "Beardall, Ben"]
[Result "0-1"]
[WhiteElo "1304"]
[BlackElo "1580"]
[PlyCount "60"]
[EventDate "2022.04.13"]
[EventType "swiss"]
[EventRounds "9"]
[EventCountry "CAN"]

1. b3 e5 2. Bb2 Nc6 3. e3 Nf6 4. Bb5 Bd6 5. Nf3 e4 6. Bxc6 dxc6 7. Nd4 O-O 8.
f3 c5 9. Nb5 Be7 10. O-O c6 11. N5c3 exf3 12. Qxf3 Bg4 13. Qf2 Qd7 14. d3 Rae8
15. Nd2 Nd5 16. Nde4 f5 17. Nxd5 cxd5 18. Ng3 Bh4 19. Qd2 Bg5 20. Rfe1 d4 21.
Qa5 b6 22. Qa6 Bxe3+ 23. Kh1 Rf6 24. Qc4+ Kh8 25. Rf1 Rh6 26. Bc1 Qc7 27. Bxe3
dxe3 28. Rf4 e2 29. Re1 Rg8 30. h3 b5 0-1

[Event "CAN-ch U1600"]
[Site "Kingston CAN"]
[Date "2022.04.14"]
[Round "2.70"]
[White "Wen, Justin"]
[Black "Hay, John"]
[Result "1-0"]
[WhiteElo "1390"]
[BlackElo "1174"]
[PlyCount "103"]
[EventDate "2022.04.13"]
[EventType "swiss"]
[EventRounds "9"]
[EventCountry "CAN"]

1. e4 c5 2. Nf3 d6 3. c3 e6 4. Be2 Nc6 5. d4 b6 6. d5 Nb8 7. O-O e5 8. Be3 Nf6
9. Qc2 Be7 10. c4 O-O 11. Nc3 a6 12. h3 Re8 13. a3 Nbd7 14. Kh2 Nf8 15. Nd2 Ng6
16. Rg1 Bd7 17. g3 Qc8 18. Bf1 Rb8 19. a4 Kh8 20. Bg2 Ng8 21. b3 f5 22. f3 Rf8
23. Raf1 f4 24. Bf2 fxg3+ 25. Bxg3 Bg5 26. Ne2 Bf4 27. Nb1 Bxg3+ 28. Nxg3 Nf4
29. Nc3 Nxg2 30. Qxg2 Ne7 31. Nce2 Ng6 32. Nh5 Rg8 33. f4 exf4 34. Nexf4 Nxf4
35. Rxf4 g6 36. Qg5 Qd8 37. Nf6 Rf8 38. Qh4 Rxf6 39. Rxf6 Kg7 40. Rgf1 Be8 41.
Kg3 Rb7 42. Qf4 Qe7 43. Rxd6 g5 44. Qf6+ Qxf6 45. Rfxf6 Bg6 46. e5 b5 47. axb5
axb5 48. Rb6 Rxb6 49. Rxb6 bxc4 50. bxc4 Bd3 51. Rc6 Bxc4 52. Rxc5 1-0

[Event "CAN-ch U1600"]
[Site "Kingston CAN"]
[Date "2022.04.14"]
[Round "3.61"]
[White "Chen, Rae"]
[Black "Gillanders, Robert"]
[Result "0-1"]
[WhiteElo "1483"]
[BlackElo "1599"]
[PlyCount "78"]
[EventDate "2022.04.13"]
[EventType "swiss"]
[EventRounds "9"]
[EventCountry "CAN"]

1. d4 Nf6 2. Nf3 d5 3. e3 e6 4. Bd3 c5 5. b3 Nc6 6. Bb2 a6 7. a3 Be7 8. O-O O-O
9. Ne5 Qc7 10. Nd2 cxd4 11. exd4 g6 12. f4 Ne8 13. Qg4 Ng7 14. Ndf3 f5 15. Qh3
Nh5 16. Nh4 Nxe5 17. fxe5 Ng7 18. Nf3 Bd7 19. Bc1 Qd8 20. Qh6 Rf7 21. Ng5 Bxg5
22. Bxg5 Qf8 23. Be2 Ne8 24. Qh4 h5 25. Rf3 Rc8 26. c4 dxc4 27. bxc4 Bc6 28.
Rg3 Ng7 29. Bf6 Kh7 30. Rg5 Rfc7 31. Rd1 Qxa3 32. Bxg7 Rxg7 33. Bxh5 Qe3+ 34.
Kh1 gxh5 35. Rxh5+ Kg6 36. Rg1 Be4 37. h3 Rxc4 38. Qf6+ Kxh5 39. Qxg7 Qxh3# 0-1

[Event "CAN-ch U1600"]
[Site "Kingston CAN"]
[Date "2022.04.14"]
[Round "3.62"]
[White "Mullur, Neerav"]
[Black "Dickson, Raymond"]
[Result "0-1"]
[WhiteElo "1312"]
[BlackElo "1561"]
[PlyCount "44"]
[EventDate "2022.04.13"]
[EventType "swiss"]
[EventRounds "9"]
[EventCountry "CAN"]

1. e4 d5 2. exd5 Nf6 3. Nf3 Nxd5 4. d4 Bf5 5. Bd3 Bxd3 6. Qxd3 e6 7. O-O Be7 8.
Qb5+ Nd7 9. Qxb7 O-O 10. Ne5 Nxe5 11. dxe5 Bg5 12. c4 Bxc1 13. Rxc1 Qg5 14. Nc3
Rab8 15. Qxa7 Nf4 16. g3 Rxb2 17. Qe3 Nh3+ 18. Kf1 Rxf2+ 19. Qxf2 Nxf2 20. Kxf2
Qxe5 21. Ne2 Rb8 22. Rab1 Rxb1 0-1

[Event "CAN-ch U1600"]
[Site "Kingston CAN"]
[Date "2022.04.14"]
[Round "3.63"]
[White "Mendes, Aaron Reeve"]
[Black "Gillis, Doug"]
[Result "1-0"]
[WhiteElo "1453"]
[BlackElo "1356"]
[PlyCount "67"]
[EventDate "2022.04.13"]
[EventType "swiss"]
[EventRounds "9"]
[EventCountry "CAN"]

1. e4 d6 2. d4 Nf6 3. Bd3 e5 4. c3 Be7 5. f3 O-O 6. Be3 b6 7. Nd2 Ba6 8. Qe2
Bxd3 9. Qxd3 Qd7 10. Ne2 Nc6 11. d5 Nd8 12. g4 c6 13. dxc6 Qxc6 14. Ng3 Ne6 15.
Nf5 Rfe8 16. Nc4 Rad8 17. O-O-O Nc5 18. Bxc5 Qxc5 19. Nce3 Bf8 20. h4 g6 21.
Ng3 b5 22. g5 Nh5 23. Nxh5 gxh5 24. Nd5 Bg7 25. Rhg1 Kh8 26. Rg3 Qc4 27. Qxc4
bxc4 28. Ne3 f6 29. Nxc4 fxg5 30. hxg5 Re6 31. Ne3 Rg6 32. Rh1 Bf6 33. Rxh5
Rdg8 34. Rgh3 1-0

[Event "CAN-ch U1600"]
[Site "Kingston CAN"]
[Date "2022.04.14"]
[Round "3.64"]
[White "Byl, Oliver"]
[Black "Tseng, Elliot"]
[Result "1-0"]
[WhiteElo "1425"]
[BlackElo "1002"]
[PlyCount "27"]
[EventDate "2022.04.13"]
[EventType "swiss"]
[EventRounds "9"]
[EventCountry "CAN"]

1. Nf3 Nf6 2. b3 c5 3. Bb2 Nc6 4. c4 e6 5. e3 d5 6. cxd5 exd5 7. Bb5 Bd7 8. O-O
Be7 9. d4 cxd4 10. Nxd4 O-O 11. Bd3 Nb4 12. Be2 Bc6 13. a3 Na6 14. Bxa6 1-0

[Event "CAN-ch U1600"]
[Site "Kingston CAN"]
[Date "2022.04.14"]
[Round "3.65"]
[White "Beardall, Ben"]
[Black "Mourgelas, James"]
[Result "1-0"]
[WhiteElo "1580"]
[BlackElo "1329"]
[PlyCount "87"]
[EventDate "2022.04.13"]
[EventType "swiss"]
[EventRounds "9"]
[EventCountry "CAN"]

1. e4 g6 2. d4 Bg7 3. Nc3 d6 4. f4 e6 5. Nf3 a6 6. Be3 Nd7 7. Qd2 Nb6 8. d5 Bd7
9. a4 exd5 10. Bxb6 cxb6 11. Nxd5 Nf6 12. Nc3 Bc6 13. Bd3 O-O 14. O-O d5 15. e5
Ne4 16. Bxe4 dxe4 17. Qxd8 Raxd8 18. Ng5 Rfe8 19. Ngxe4 Rd4 20. Nd6 Re6 21.
Rad1 Rxd1 22. Rxd1 Bf8 23. Nde4 Bg7 24. Nd5 Bxd5 25. Rxd5 Rc6 26. c3 Rc4 27.
Rd8+ Bf8 28. Rd4 Bc5 29. Nxc5 Rxc5 30. Rd7 Rc4 31. Rxb7 Rxa4 32. Rxb6 Rxf4 33.
Rxa6 Rc4 34. Kf2 Kf8 35. Ke3 Ke7 36. Kd3 Rf4 37. b4 Rf1 38. b5 Kd8 39. c4 Rc1
40. Ra7 Rf1 41. b6 Kc8 42. c5 Rc1 43. Kd4 Rd1+ 44. Kc4 1-0

[Event "CAN-ch U1600"]
[Site "Kingston CAN"]
[Date "2022.04.14"]
[Round "3.67"]
[White "Parakin, Don"]
[Black "Jutras, Arnaud"]
[Result "1/2-1/2"]
[WhiteElo "1342"]
[BlackElo "1054"]
[PlyCount "81"]
[EventDate "2022.04.13"]
[EventType "swiss"]
[EventRounds "9"]
[EventCountry "CAN"]

1. d4 d5 2. c4 c6 3. Nc3 Nf6 4. Nf3 dxc4 5. e4 b5 6. Be2 Bb7 7. Qc2 e6 8. Bg5
Be7 9. e5 Nd5 10. Bxe7 Qxe7 11. Ne4 O-O 12. a3 Nd7 13. Neg5 g6 14. Ne4 c5 15.
Nd6 Bc6 16. dxc5 Nxc5 17. Nd4 Bd7 18. N4xb5 Bxb5 19. Nxb5 Nd7 20. Qxc4 Nxe5 21.
Qe4 Nd7 22. b4 a6 23. Nd4 Nc3 24. Qd3 Nxe2 25. Qxe2 Qg5 26. O-O Nf6 27. Rac1
Rfd8 28. Rc5 Rd5 29. Rfc1 Qf4 30. Nxe6 Rxc5 31. Rxc5 fxe6 32. Qxe6+ Kg7 33. g3
Qd4 34. Rc7+ Kh6 35. Qh3+ Nh5 36. g4 Re8 37. Rc1 Qd2 38. Rf1 Qg5 39. Kh1 Qd5+
40. Kg1 Qg5 41. Kh1 1/2-1/2

[Event "CAN-ch U1600"]
[Site "Kingston CAN"]
[Date "2022.04.14"]
[Round "3.68"]
[White "Li, Aiden"]
[Black "Narula, Japveer"]
[Result "0-1"]
[WhiteElo "1367"]
[BlackElo "1138"]
[PlyCount "92"]
[EventDate "2022.04.13"]
[EventType "swiss"]
[EventRounds "9"]
[EventCountry "CAN"]

1. c4 e5 2. g3 Nf6 3. Bg2 Nc6 4. Nc3 Bc5 5. e3 O-O 6. Nge2 d6 7. O-O Bf5 8. d4
exd4 9. exd4 Bb6 10. b3 Bg4 11. Bb2 Nxd4 12. Bxb7 Rb8 13. Bg2 Qd7 14. h3 Nxe2+
15. Nxe2 Bxh3 16. Bxf6 gxf6 17. Nf4 Bxg2 18. Kxg2 Qf5 19. Nd5 Rfe8 20. Qg4+
Qxg4 21. Nxf6+ Kg7 22. Nxg4 Re4 23. f3 Re2+ 24. Nf2 Rbe8 25. a4 Rd2 26. a5 Bd4
27. Rad1 Ree2 28. Rxd2 Rxd2 29. g4 Kf6 30. Kg3 Be5+ 31. f4 Bxf4+ 32. Kxf4 Rb2
33. g5+ Kg6 34. Ne4 Rxb3 35. c5 dxc5 36. Nxc5 Rb5 37. Na6 Rf5+ 38. Kg4 Rxf1 39.
Nxc7 Rg1+ 40. Kf4 Rxg5 41. a6 Rc5 42. Ne8 Rc6 43. Kg4 f5+ 44. Kf4 h5 45. Ke5 h4
46. Nd6 Rxd6 0-1

[Event "CAN-ch U1600"]
[Site "Kingston CAN"]
[Date "2022.04.14"]
[Round "3.69"]
[White "Lan, Jerry"]
[Black "Adam, Sebastien"]
[Result "0-1"]
[WhiteElo "998"]
[BlackElo "1262"]
[PlyCount "76"]
[EventDate "2022.04.13"]
[EventType "swiss"]
[EventRounds "9"]
[EventCountry "CAN"]

1. d4 Nf6 2. c4 e6 3. Nf3 Be7 4. Nc3 b6 5. e4 d6 6. Bd3 Bb7 7. O-O O-O 8. Re1
Nc6 9. Bf4 Nb4 10. a3 Nxd3 11. Qxd3 Nh5 12. Be3 d5 13. cxd5 exd5 14. exd5 Nf6
15. Rac1 Nxd5 16. Nxd5 Bxd5 17. Bf4 c6 18. Ne5 Rc8 19. Re3 Bg5 20. g3 Bxf4 21.
gxf4 f5 22. Rg3 Qh4 23. Qe3 Qd8 24. Nf3 Re8 25. Qd3 Be4 26. Qb3+ Qd5 27. Qxd5+
cxd5 28. Rd1 Rc2 29. Rd2 Bxf3 30. Rxf3 Rxd2 31. b3 Rxd4 32. Kg2 Rc8 33. Kg3 Rc2
34. Re3 Re4 35. Rd3 d4 36. Rd1 Rc3+ 37. Kg2 d3 38. Kf1 Rd4 0-1